[Event "AUT-chT2O 0708"]
[Site "Austria"]
[Date "2008.03.15"]
[Round "10.2"]
[White "Wagner, Stefan"]
[Black "Miniboeck, Guenter"]
[Result "0-1"]
[WhiteElo "2103"]
[BlackElo "2355"]
[PlyCount "86"]
[EventDate "2007.10.20"]
[EventType "team-tourn"]
[EventRounds "11"]
[EventCountry "AUT"]
[SourceTitle "EXT 2009"]
[Source "ChessBase"]
[SourceDate "2008.11.26"]
[SourceVersion "1"]
[SourceVersionDate "2008.11.26"]
[SourceQuality "1"]
[WhiteTeam "Zwettl"]
[BlackTeam "Baden"]
[WhiteTeamCountry "AUT"]
[BlackTeamCountry "AUT"]

1. e4 c5 2. Nf3 d6 3. d4 cxd4 4. Nxd4 Nf6 5. Nc3 a6 6. f3 e5 7. Nb3 Be6 8. Be3 Be7 9. Qd2 0-0 10. 0-0-0 Qc7 11. g4 Nbd7 12. g5 Nh5 13. Nd5 Bxd5 14. exd5 a5 15. a3 a4 16. Na1 g6 17. Kb1 f6 18. gxf6 Rxf6 19. c3 Nb6 20. Nc2 Rxf3 21. Be2 Nc4 22. Qd3 Nxe3 23. Bxf3 Nxd1 24. Qxd1 Nf4 25. h4 Qc4 26. h5 Qd3 27. Qxd3 Nxd3 28. Ne3 Rf8 29. Be2 Nc5 30. hxg6 hxg6 31. Rg1 Kh7 32. Kc2 Rf2 33. Rg2 Rxg2 34. Nxg2 Kh6 35. Ne3 Kg5 36. Bb5 Kf4 37. Nc4 g5 38. Nb6 g4 39. Kd2 Kg3 40. Nxa4 Nxa4 41. Bxa4 Kf2 42. Bd7 g3 43. Bh3 e4 0-1

[Event "AUT-chT2O 0708"]
[Site "Austria"]
[Date "2008.01.27"]
[Round "7.2"]
[White "Miniboeck, Guenter"]
[Black "Ganaus, Hannes"]
[Result "1/2-1/2"]
[WhiteElo "2355"]
[BlackElo "2294"]
[PlyCount "86"]
[EventDate "2007.10.20"]
[EventType "team-tourn"]
[EventRounds "11"]
[EventCountry "AUT"]
[SourceTitle "EXT 2009"]
[Source "ChessBase"]
[SourceDate "2008.11.26"]
[SourceVersion "1"]
[SourceVersionDate "2008.11.26"]
[SourceQuality "1"]
[WhiteTeam "Baden"]
[BlackTeam "Eichgraben"]
[WhiteTeamCountry "AUT"]
[BlackTeamCountry "AUT"]

1. d4 d5 2. c4 c6 3. Nf3 Nf6 4. Nc3 a6 5. e3 b5 6. b3 Bg4 7. Be2 e6 8. h3 Bh5 9. 0-0 Nbd7 10. Bb2 Bd6 11. Ne5 Bxe2 12. Nxe2 bxc4 13. bxc4 0-0 14. Rb1 Qc7 15. Nxd7 Qxd7 16. Qa4 Rfc8 17. Rfc1 Qa7 18. Ba3 Bxa3 19. Qxa3 Rab8 20. Qa4 Rxb1 21. Rxb1 Nd7 22. c5 a5 23. Nc1 Qa6 24. Qb3 Rc7 25. Qa3 f6 26. Rb3 e5 27. g3 exd4 28. exd4 Qc4 29. Qb2 Nf8 30. Re3 Kf7 31. Ne2 Qa6 32. Qb8 Qc8 33. Qxc8 Rxc8 34. Ra3 Ra8 35. Kf1 Ne6 36. Ke1 Ra7 37. h4 g5 38. hxg5 fxg5 39. g4 a4 40. Kd2 Kg6 41. Re3 Kf6 42. Rf3+ Kg6 43. Re3 Kf6 1/2-1/2

[Event "AUT-chT2O 0708"]
[Site "Austria"]
[Date "2008.01.26"]
[Round "6.2"]
[White "Steiner, Bruno"]
[Black "Miniboeck, Guenter"]
[Result "0-1"]
[WhiteElo "2247"]
[BlackElo "2355"]
[PlyCount "46"]
[EventDate "2007.10.20"]
[EventType "team-tourn"]
[EventRounds "11"]
[EventCountry "AUT"]
[SourceTitle "EXT 2009"]
[Source "ChessBase"]
[SourceDate "2008.11.26"]
[SourceVersion "1"]
[SourceVersionDate "2008.11.26"]
[SourceQuality "1"]
[WhiteTeam "Wiener Neustadt"]
[BlackTeam "Baden"]
[WhiteTeamCountry "AUT"]
[BlackTeamCountry "AUT"]

1. d4 Nf6 2. Bg5 Ne4 3. Bf4 c5 4. d5 Qb6 5. Nd2 Qxb2 6. Nxe4 Qb4+ 7. Qd2 Qxe4 8. Nf3 d6 9. e3 Qb4 10. c3 Qa5 11. Rb1 g6 12. Bb5+ Bd7 13. Bxd7+ Nxd7 14. 0-0 Nb6 15. e4 Bg7 16. Rfc1 Nc4 17. Qe2 b5 18. Rb3 0-0 19. Nd2 Qxa2 20. Qd1 Nxd2 21. Bxd2 Qa4 22. Rcb1 Qxe4 23. Rxb5 Qxd5 0-1

[Event "AUT-chT2O 0708"]
[Site "Austria"]
[Date "2007.12.01"]
[Round "4.2"]
[White "Petran, Peter"]
[Black "Miniboeck, Guenter"]
[Result "1/2-1/2"]
[WhiteElo "2360"]
[BlackElo "2355"]
[PlyCount "130"]
[EventDate "2007.10.20"]
[EventType "team-tourn"]
[EventRounds "11"]
[EventCountry "AUT"]
[SourceTitle "CBM 121 Extra"]
[Source "ChessBase"]
[SourceDate "2008.01.10"]
[SourceVersion "1"]
[SourceVersionDate "2008.01.10"]
[SourceQuality "1"]
[WhiteTeam "Mattersburg"]
[BlackTeam "Baden"]
[WhiteTeamCountry "AUT"]
[BlackTeamCountry "AUT"]

1. g3 c5 2. Bg2 Nc6 3. f4 d5 4. d3 Nf6 5. c3 g6 6. Nh3 Bg7 7. 0-0 0-0 8. Nf2 e5 9. e4 dxe4 10. dxe4 Ng4 11. Qe2 Nxf2 12. Qxf2 exf4 13. gxf4 b6 14. Na3 Ba6 15. Re1 Qc7 16. Nc2 Rad8 17. Ne3 Ne7 18. f5 f6 19. Ng4 Bb7 20. fxg6 Nxg6 21. Nh6+ Kh8 22. Nf5 Rg8 23. Kh1 Ne5 24. Qh4 Qf7 25. Bh6 Bf8 26. Bxf8 Qxf8 27. Re2 Ng6 28. Qf2 Ne7 29. Ng3 Rg6 30. Rd2 Rxd2 31. Qxd2 Nc6 32. Rd1 Ne5 33. Qf4 Bc8 34. Rd5 Qe7 35. Qd2 Rg8 36. Qf4 Rd8 37. Nh5 Nd7 38. Qd6 Qxd6 39. Rxd6 Rf8 40. Bh3 Ne5 41. Bxc8 Rxc8 42. Nxf6 Rf8 43. Re6 Nd3 44. b3 Kg7 45. Nh5+ Kf7 46. Rf6+ Ke7 47. Rxf8 Kxf8 48. Kg2 Nc1 49. a4 Nxb3 50. Kf3 Nd2+ 51. Ke3 Nc4+ 52. Kd3 Nb2+ 53. Kc2 Nxa4 54. Kb3 b5 55. c4 a6 56. cxb5 axb5 57. Nf6 h6 58. Nd5 Kf7 59. Nc7 c4+ 60. Kb4 c3 61. Kb3 Nc5+ 62. Kxc3 Nxe4+ 63. Kd4 Ng5 64. Nxb5 Nf3+ 65. Ke4 Nxh2 1/2-1/2

[Event "AUT-chT 0607"]
[Site "Austria"]
[Date "2007.03.10"]
[Round "10.6"]
[White "Miniboeck, Guenter"]
[Black "Danner, Georg"]
[Result "1-0"]
[WhiteElo "2344"]
[BlackElo "2421"]
[PlyCount "87"]
[EventDate "2006.11.03"]
[EventType "team-tourn"]
[EventRounds "11"]
[EventCountry "AUT"]
[SourceTitle "EXT 2008"]
[Source "ChessBase"]
[SourceDate "2007.11.25"]
[SourceVersion "1"]
[SourceVersionDate "2007.11.25"]
[SourceQuality "1"]
[WhiteTeam "Baden"]
[BlackTeam "Graz Styria"]
[WhiteTeamCountry "AUT"]
[BlackTeamCountry "AUT"]

1. d4 Nf6 2. c4 e6 3. Nf3 c5 4. d5 exd5 5. cxd5 d6 6. Nc3 g6 7. e4 Bg7 8. h3 0-0 9. Bd3 a6 10. a4 Nbd7 11. 0-0 Nh5 12. Re1 Re8 13. Bg5 Bf6 14. Be3 Rb8 15. Qd2 Ne5 16. Be2 Nxf3+ 17. Bxf3 b5 18. axb5 axb5 19. Bxh5 gxh5 20. Bf4 b4 21. Nd1 c4 22. Qe2 c3 23. bxc3 b3 24. Qxh5 Bg7 25. Re2 Re7 26. Qh4 f6 27. Qg3 Rd7 28. Rb2 Qe7 29. Ne3 Qxe4 30. Bxd6 Rb6 31. Ra8 Rbxd6 32. Rxc8+ Kf7 33. Rxb3 f5 34. Rb4 Qd3 35. Rf4 Rf6 36. Qg5 Ra7 37. Qh5+ Rg6 38. Rxf5+ Ke7 39. Qh4+ Rf6 40. Rxf6 Bxf6 41. Qh5 Bxc3 42. Qe8+ Kf6 43. Qe6+ Kg5 44. h4+ 1-0

[Event "AUT-chT2O 0506"]
[Site "Austria"]
[Date "2006.02.24"]
[Round "7.5"]
[White "Theissl Pokorna, Regina"]
[Black "Miniboeck, Guenter"]
[Result "1-0"]
[WhiteElo "2353"]
[BlackElo "2351"]
[PlyCount "91"]
[EventDate "2005.11.19"]
[EventType "team-tourn"]
[EventRounds "11"]
[EventCountry "AUT"]
[SourceTitle "EXT 2006"]
[Source "ChessBase"]
[SourceDate "2005.11.24"]
[SourceVersion "1"]
[SourceVersionDate "2005.11.24"]
[SourceQuality "1"]
[WhiteTeam "Wien Austria"]
[BlackTeam "Baden"]
[WhiteTeamCountry "AUT"]
[BlackTeamCountry "AUT"]

1. e4 c5 2. Nf3 d6 3. d4 cxd4 4. Nxd4 Nf6 5. Nc3 a6 6. Bc4 e6 7. a3 b5 8. Ba2 Be7 9. 0-0 0-0 10. f4 Bb7 11. f5 e5 12. Nde2 Nbd7 13. Ng3 Rc8 14. Kh1 Nb6 15. Nh5 Nc4 16. Nxf6+ Bxf6 17. Rf3 Bg5 18. b3 Nb6 19. Bxg5 Qxg5 20. Qxd6 Qf6 21. Qxf6 gxf6 22. Rd1 Rfd8 23. Rxd8+ Rxd8 24. Rd3 Rc8 25. Kg1 a5 26. b4 axb4 27. axb4 Nc4 28. Nxb5 Bxe4 29. Rc3 Nb6 30. Bxf7+ Kf8 31. Rxc8+ Nxc8 32. Be6 Ne7 33. Nd6 Bxc2 34. b5 h5 35. Kf2 Bd3 36. g3 Kg7 37. Ke3 Bf1 38. b6 Kf8 39. Kf2 Ba6 40. Bd7 Nd5 41. b7 Bxb7 42. Nxb7 Ke7 43. Bc6 Nb4 44. Be4 Na6 45. h4 Nc7 46. Bf3 1-0

[Event "AUT-chT2O 0506"]
[Site "Austria"]
[Date "2006.01.15"]
[Round "6.3"]
[White "Schroll, Gerhard"]
[Black "Miniboeck, Guenter"]
[Result "1-0"]
[WhiteElo "2362"]
[BlackElo "2351"]
[PlyCount "73"]
[EventDate "2005.11.19"]
[EventType "team-tourn"]
[EventRounds "11"]
[EventCountry "AUT"]
[SourceTitle "EXT 2006"]
[Source "ChessBase"]
[SourceDate "2005.11.24"]
[SourceVersion "1"]
[SourceVersionDate "2005.11.24"]
[SourceQuality "1"]
[WhiteTeam "Wiener Neustadt"]
[BlackTeam "Baden"]
[WhiteTeamCountry "AUT"]
[BlackTeamCountry "AUT"]

1. d4 Nf6 2. Nf3 e6 3. Bg5 h6 4. Bxf6 Qxf6 5. e4 d6 6. Bd3 Nc6 7. c3 g5 8. Na3 Bg7 9. Nc4 e5 10. dxe5 Nxe5 11. Nfxe5 dxe5 12. Ne3 c6 13. 0-0 0-0 14. a4 Rd8 15. Qe2 Bf8 16. Rad1 Qg6 17. Bc4 Bd7 18. Rd2 Be7 19. Rfd1 Be6 20. Bxe6 Qxe6 21. Qg4 Qf6 22. Rxd8+ Rxd8 23. Rxd8+ Bxd8 24. Qd7 Bb6 25. Nf5 g4 26. g3 h5 27. Qxb7 Qg5 28. Qxc6 Bxf2+ 29. Kg2 Bxg3 30. Qe8+ Kh7 31. Qxf7+ Kh8 32. Qe8+ Kh7 33. Qd7+ Kg8 34. hxg3 Kf8 35. Qc8+ Kf7 36. Qb7+ Ke8 37. Nd6+ 1-0

[Event "AUT-chT2O 0506"]
[Site "Austria"]
[Date "2005.10.09"]
[Round "2.5"]
[White "Franzen, Jozef"]
[Black "Miniboeck, Guenter"]
[Result "1/2-1/2"]
[WhiteElo "2379"]
[BlackElo "2351"]
[PlyCount "31"]
[EventDate "2005.11.19"]
[EventType "team-tourn"]
[EventRounds "11"]
[EventCountry "AUT"]
[SourceTitle "EXT 2006"]
[Source "ChessBase"]
[SourceDate "2005.11.24"]
[SourceVersion "1"]
[SourceVersionDate "2005.11.24"]
[SourceQuality "1"]
[WhiteTeam "Donau"]
[BlackTeam "Baden"]
[WhiteTeamCountry "AUT"]
[BlackTeamCountry "AUT"]

1. Nf3 c5 2. b3 d6 3. Bb2 e5 4. e4 Nc6 5. Bb5 g6 6. 0-0 Bg7 7. h3 Nge7 8. c3 0-0 9. d4 exd4 10. cxd4 d5 11. exd5 Nxd4 12. Nxd4 cxd4 13. Bxd4 Bxd4 14. Qxd4 Qxd5 15. Qxd5 Nxd5 16. Bc4 1/2-1/2

[Event "AUT-chT2O 0506"]
[Site "Austria"]
[Date "2005.10.08"]
[Round "1.2"]
[White "Miniboeck, Guenter"]
[Black "Chytilek, Roman"]
[Result "1/2-1/2"]
[WhiteElo "2351"]
[BlackElo "2400"]
[PlyCount "82"]
[EventDate "2005.11.19"]
[EventType "team-tourn"]
[EventRounds "11"]
[EventCountry "AUT"]
[SourceTitle "EXT 2006"]
[Source "ChessBase"]
[SourceDate "2005.11.24"]
[SourceVersion "1"]
[SourceVersionDate "2005.11.24"]
[SourceQuality "1"]
[WhiteTeam "Baden"]
[BlackTeam "Stockerau"]
[WhiteTeamCountry "AUT"]
[BlackTeamCountry "AUT"]

1. d4 g6 2. c4 Bg7 3. e4 d6 4. Nc3 Nf6 5. f3 0-0 6. Be3 Nbd7 7. Qd2 a6 8. Bd3 c5 9. Nge2 cxd4 10. Nxd4 Ne5 11. Be2 e6 12. 0-0 d5 13. cxd5 exd5 14. exd5 Nxd5 15. Bg5 Qa5 16. Nb3 Qb6+ 17. Kh1 Nxc3 18. Qxc3 Ng4 19. Qc5 Qxc5 20. Nxc5 Bd4 21. fxg4 Bxc5 22. Rac1 b6 23. Bf3 Ra7 24. Bh6 Re8 25. Rfd1 Be6 26. b3 Rd7 27. h3 Red8 28. Rxd7 Rxd7 29. b4 Bf8 30. Rc8 Rd1+ 31. Bxd1 Bxc8 32. Bxf8 Kxf8 33. g5 Ke7 34. Kg1 Kd6 35. Kf2 Be6 36. a3 Kd5 37. Be2 a5 38. Ke3 Bf5 39. h4 Bb1 40. g3 Bf5 41. Bb5 axb4 1/2-1/2

[Event "AUT-chT2O 0405"]
[Site "Austria"]
[Date "2005.04.09"]
[Round "10.2"]
[White "Miniboeck, Guenter"]
[Black "Theissl Pokorna, Regina"]
[Result "1/2-1/2"]
[WhiteElo "2345"]
[BlackElo "2370"]
[PlyCount "84"]
[EventDate "2004.10.09"]
[EventType "team-tourn"]
[EventRounds "11"]
[EventCountry "AUT"]
[SourceTitle "EXT 2005"]
[Source "ChessBase"]
[SourceDate "2004.11.15"]
[SourceVersion "1"]
[SourceVersionDate "2004.11.15"]
[SourceQuality "1"]
[WhiteTeam "Baden"]
[BlackTeam "Wien Austria"]
[WhiteTeamCountry "AUT"]
[BlackTeamCountry "AUT"]

1. d4 Nf6 2. c4 e6 3. Nc3 Bb4 4. Qc2 0-0 5. a3 Bxc3+ 6. Qxc3 b6 7. Bg5 Bb7 8. f3 d5 9. e3 Re8 10. Bd3 h6 11. Bh4 Nbd7 12. Ne2 c5 13. cxd5 Nxd5 14. Bxd8 Nxc3 15. Bxb6 axb6 16. Nxc3 cxd4 17. exd4 e5 18. dxe5 Nxe5 19. 0-0-0 Nxf3 20. Bb5 Reb8 21. gxf3 Bxf3 22. Rhf1 Bxd1 23. Kxd1 Rd8+ 24. Ke2 Ra7 25. Rf2 Re7+ 26. Kf3 Rd4 27. b3 Rd6 28. Bc4 Rf6+ 29. Kg2 Rxf2+ 30. Kxf2 Rd7 31. a4 g5 32. Nd5 Rd6 33. b4 Kf8 34. a5 bxa5 35. bxa5 Rc6 36. Nb6 Kg7 37. a6 Rxb6 38. a7 Rc6 39. Bd5 Ra6 40. a8Q Rxa8 41. Bxa8 f5 42. Bc6 h5 1/2-1/2

[Event "AUT-chT2O 0405"]
[Site "Austria"]
[Date "2005.02.25"]
[Round "7.2"]
[White "Hagara, Eduard"]
[Black "Miniboeck, Guenter"]
[Result "1/2-1/2"]
[WhiteElo "2398"]
[BlackElo "2345"]
[PlyCount "101"]
[EventDate "2004.10.09"]
[EventType "team-tourn"]
[EventRounds "11"]
[EventCountry "AUT"]
[SourceTitle "EXT 2005"]
[Source "ChessBase"]
[SourceDate "2004.11.15"]
[SourceVersion "1"]
[SourceVersionDate "2004.11.15"]
[SourceQuality "1"]
[WhiteTeam "Lackenbach"]
[BlackTeam "Baden"]
[WhiteTeamCountry "AUT"]
[BlackTeamCountry "AUT"]

1. e4 c5 2. Nf3 d6 3. d4 cxd4 4. Nxd4 Nf6 5. Nc3 a6 6. Be3 e5 7. Nb3 Be6 8. f3 Be7 9. Qd2 0-0 10. 0-0-0 Nbd7 11. g4 Qc7 12. g5 Nh5 13. Nd5 Bxd5 14. exd5 a5 15. Kb1 a4 16. Nc1 f6 17. a3 fxg5 18. Bxg5 Bxg5 19. Qxg5 Nf4 20. Ne2 Rac8 21. c3 Nb6 22. Nxf4 Rxf4 23. Bd3 Nc4 24. Bxc4 Qxc4 25. Rhg1 Qc7 26. Rg3 Rcf8 27. Rdg1 R8f7 28. Qh5 Qd7 29. Rg5 R4f5 30. c4 b6 31. Kc2 Rxg5 32. Rxg5 Rf4 33. Rg4 g6 34. Qg5 Rxf3 35. h4 Qf5+ 36. Qxf5 Rxf5 37. c5 bxc5 38. Rxa4 e4 39. Rxe4 Rxd5 40. a4 Rf5 41. a5 Rf7 42. a6 Ra7 43. Ra4 Kf7 44. Kc3 d5 45. b4 d4+ 46. Kc4 cxb4 47. Kxd4 b3 48. Kc3 b2 49. Kxb2 h6 50. Kb3 g5 51. hxg5 1/2-1/2

[Event "AUT-chT2O 0405"]
[Site "Austria"]
[Date "2004.11.21"]
[Round "4.3"]
[White "Hodysh, Yuriy"]
[Black "Miniboeck, Guenter"]
[Result "1/2-1/2"]
[WhiteElo "2166"]
[BlackElo "2345"]
[PlyCount "52"]
[EventDate "2004.10.09"]
[EventType "team-tourn"]
[EventRounds "11"]
[EventCountry "AUT"]
[SourceTitle "EXT 2005"]
[Source "ChessBase"]
[SourceDate "2004.11.15"]
[SourceVersion "1"]
[SourceVersionDate "2004.11.15"]
[SourceQuality "1"]
[WhiteTeam "Wieden Aljechin"]
[BlackTeam "Baden"]
[WhiteTeamCountry "AUT"]
[BlackTeamCountry "AUT"]

1. d4 Nf6 2. c4 e6 3. Nc3 Bb4 4. e3 c5 5. Bd3 Nc6 6. Nf3 Bxc3+ 7. bxc3 d6 8. 0-0 e5 9. Qc2 0-0 10. dxc5 dxc5 11. Ng5 h6 12. Ne4 b6 13. Rd1 Qe7 14. Nxf6+ Qxf6 15. Be4 Bb7 16. Rd7 Rab8 17. Bd5 Na5 18. e4 Ba6 19. Rxa7 Bxc4 20. Be3 Bxd5 21. exd5 Nc4 22. Rb1 Qd6 23. Rd1 Ra8 24. Rxa8 Rxa8 25. Qb3 Nxe3 26. fxe3 e4 1/2-1/2

[Event "AUT-chT2O 0405"]
[Site "Austria"]
[Date "2004.11.20"]
[Round "3.3"]
[White "Kleiser, Gregor"]
[Black "Miniboeck, Guenter"]
[Result "1-0"]
[WhiteElo "2262"]
[BlackElo "2345"]
[PlyCount "65"]
[EventDate "2004.10.09"]
[EventType "team-tourn"]
[EventRounds "11"]
[EventCountry "AUT"]
[SourceTitle "EXT 2005"]
[Source "ChessBase"]
[SourceDate "2004.11.15"]
[SourceVersion "1"]
[SourceVersionDate "2004.11.15"]
[SourceQuality "1"]
[WhiteTeam "Tschaturanga II"]
[BlackTeam "Baden"]
[WhiteTeamCountry "AUT"]
[BlackTeamCountry "AUT"]

1. e4 c5 2. Nf3 d6 3. d4 cxd4 4. Nxd4 Nf6 5. Nc3 a6 6. Bg5 e6 7. Qd2 Be7 8. Be2 h6 9. Be3 Qc7 10. g4 b5 11. f3 Nbd7 12. a3 Bb7 13. 0-0-0 Ne5 14. h4 0-0-0 15. Ncxb5 axb5 16. Nxb5 Qd7 17. Qa5 Nc6 18. Na7+ Kb8 19. Nxc6+ Bxc6 20. Rd3 Qc7 21. Bb6 Qb7 22. Rb3 Rd7 23. Ba6 Rc8 24. Ba7+ Ka8 25. Bxb7+ Rxb7 26. Rxb7 Kxb7 27. Bd4 Rc7 28. Bb6 Rd7 29. Rh3 d5 30. e5 Ne8 31. f4 Nc7 32. Rc3 Nb5 33. Rb3 1-0

[Event "AUT-ch"]
[Site "Hartberg"]
[Date "2004.07.31"]
[Round "8"]
[White "Miniboeck, Guenter"]
[Black "Roth, Peter"]
[Result "1/2-1/2"]
[WhiteElo "2345"]
[BlackElo "2244"]
[PlyCount "106"]
[EventDate "2004.07.24"]
[EventType "swiss"]
[EventRounds "9"]
[EventCountry "AUT"]
[SourceTitle "CBM 101 Extra"]
[Source "ChessBase"]
[SourceDate "2004.09.01"]
[SourceVersion "2"]
[SourceVersionDate "2004.09.01"]
[SourceQuality "1"]

1. d4 Nf6 2. c4 g6 3. Nc3 Bg7 4. e4 d6 5. f3 0-0 6. Be3 e5 7. d5 Nh5 8. Qd2 Qh4+ 9. g3 Nxg3 10. Qf2 Nxf1 11. Qxh4 Nxe3 12. Ke2 Nxc4 13. Rc1 Na6 14. Nd1 Nb6 15. Nh3 Bd7 16. Ne3 Rae8 17. Rhg1 c6 18. dxc6 bxc6 19. Nf5 Nc8 20. Nh6+ Bxh6 21. Qxh6 Bxh3 22. Qxh3 Nc5 23. Qh6 Ne7 24. h4 f6 25. Qe3 Ne6 26. Qxa7 Nd4+ 27. Ke3 f5 28. Rcf1 Rf7 29. Qa4 Ref8 30. Qc4 fxe4 31. fxe4 d5 32. Qa6 Rf3+ 33. Rxf3 Rxf3+ 34. Kd2 dxe4 35. Re1 Rf4 36. Kc1 Nd5 37. h5 Kg7 38. hxg6 hxg6 39. Qa7+ Kf6 40. Qb8 e3 41. Qh8+ Kf5 42. Qh3+ Kf6 43. Qh8+ Kf5 44. Qh3+ Kf6 45. a4 Nf3 46. Re2 Ng1 47. Qh8+ Kf5 48. Re1 Nf3 49. Qh3+ Kf6 50. Re2 Ng1 51. Qh8+ Kf5 52. Re1 Nf3 53. Qh3+ Kf6 1/2-1/2

[Event "AUT-ch"]
[Site "Hartberg"]
[Date "2004.07.28"]
[Round "5"]
[White "Miniboeck, Guenter"]
[Black "Lendwai, Reinhard"]
[Result "1/2-1/2"]
[WhiteElo "2345"]
[BlackElo "2388"]
[PlyCount "73"]
[EventDate "2004.07.24"]
[EventType "swiss"]
[EventRounds "9"]
[EventCountry "AUT"]
[SourceTitle "CBM 101 Extra"]
[Source "ChessBase"]
[SourceDate "2004.09.01"]
[SourceVersion "2"]
[SourceVersionDate "2004.09.01"]
[SourceQuality "1"]

1. d4 Nf6 2. c4 e6 3. Nf3 c5 4. d5 exd5 5. cxd5 d6 6. Nc3 a6 7. a4 g6 8. h3 Qe7 9. Bg5 h6 10. Bh4 Nbd7 11. e3 Bg7 12. Be2 g5 13. Bg3 0-0 14. 0-0 Ne8 15. e4 Ne5 16. Nxe5 Bxe5 17. Bxe5 Qxe5 18. f4 gxf4 19. Qd2 Qd4+ 20. Qxd4 cxd4 21. Nb1 f5 22. Rxf4 Ng7 23. Nd2 Bd7 24. exf5 Rae8 25. Bg4 Bxf5 26. Rxd4 Bxg4 27. hxg4 Re2 28. Rf1 Rc8 29. Rc4 Rxc4 30. Nxc4 Ne8 31. Rf3 Re4 32. b3 Rxg4 33. Kf2 Rd4 34. Re3 Kf7 35. Re6 Rxd5 36. Rxh6 Nf6 37. Rh3 1/2-1/2

[Event "AUT-ch"]
[Site "Hartberg"]
[Date "2004.07.27"]
[Round "4"]
[White "Pilaj, Herwig"]
[Black "Miniboeck, Guenter"]
[Result "1/2-1/2"]
[WhiteElo "2425"]
[BlackElo "2345"]
[PlyCount "83"]
[EventDate "2004.07.24"]
[EventType "swiss"]
[EventRounds "9"]
[EventCountry "AUT"]
[SourceTitle "CBM 101 Extra"]
[Source "ChessBase"]
[SourceDate "2004.09.01"]
[SourceVersion "2"]
[SourceVersionDate "2004.09.01"]
[SourceQuality "1"]

1. e4 c5 2. Nf3 d6 3. Bc4 Nf6 4. d3 Nc6 5. c3 e6 6. Bb3 Be7 7. 0-0 0-0 8. Qe2 d5 9. e5 Nd7 10. d4 f6 11. exf6 Nxf6 12. Be3 cxd4 13. Bxd4 Bd6 14. Nbd2 Qc7 15. Rfe1 Ng4 16. h3 Nh6 17. Ne5 Nf7 18. Ndf3 Nfxe5 19. Nxe5 Nxd4 20. cxd4 Qb6 21. Qd3 Bxe5 22. Rxe5 Bd7 23. Bc2 g6 24. Bb3 Rf4 25. Rd1 Raf8 26. Rd2 R8f6 27. g3 Rf3 28. Re3 Bb5 29. Qc3 Rxe3 30. Qxe3 Bc4 31. Rc2 Bxb3 32. axb3 Qd6 33. Rc5 Rf7 34. Qc3 Re7 35. h4 h5 36. Kg2 Kg7 37. Rc8 a6 38. Qe3 Rf7 39. Re8 Re7 40. Rc8 Rf7 41. Re8 Re7 42. Rc8 1/2-1/2

[Event "AUT-chT 0304"]
[Site "Austria"]
[Date "2004.01.23"]
[Round "5"]
[White "Gaertner, Guntram"]
[Black "Miniboeck, Guenter"]
[Result "1-0"]
[WhiteElo "2340"]
[BlackElo "2333"]
[PlyCount "99"]
[EventDate "2003.11.28"]
[EventType "team-tourn"]
[EventRounds "11"]
[EventCountry "AUT"]
[SourceTitle "CBM 097 Extra"]
[Source "ChessBase"]
[SourceDate "2004.01.13"]
[SourceVersion "1"]
[SourceVersionDate "2004.01.13"]
[SourceQuality "1"]
[WhiteTeam "Hohenems"]
[BlackTeam "Melk-Wachau SK NOE"]
[WhiteTeamCountry "AUT"]
[BlackTeamCountry "AUT"]

1. d4 Nf6 2. Nf3 e6 3. Bg5 c5 4. c3 cxd4 5. cxd4 Qb6 6. Qc1 Nc6 7. Bxf6 gxf6 8. e3 d5 9. Nc3 Bd7 10. Be2 Rc8 11. 0-0 Be7 12. Rb1 0-0 13. Qd1 Na5 14. Nd2 a6 15. Bd3 f5 16. Kh1 Kh8 17. Qh5 f6 18. g4 Rg8 19. gxf5 Rg5 20. Qh3 exf5 21. f4 Rg4 22. Be2 Rg7 23. Bf3 Be6 24. Nxd5 Qd6 25. Nc3 b5 26. a3 Nc4 27. Nxc4 Rxc4 28. Rg1 Rxg1+ 29. Rxg1 Qd8 30. Qg2 Qf8 31. Bd5 Bxd5 32. Qxd5 Bxa3 33. Qxf5 Bxb2 34. Ne4 Rc1 35. Rxc1 Bxc1 36. Nxf6 Qe7 37. Qg5 Qf7 38. Qe5 b4 39. Nd5+ Kg8 40. Ne7+ Kf8 41. Nf5 Qg6 42. Qc5+ Kf7 43. Nd6+ Kg7 44. f5 Qh6 45. f6+ Kxf6 46. Qe5+ Kg6 47. Qf5+ Kg7 48. Qf7+ Kh8 49. Qe8+ Kg7 50. Nf5+ 1-0

[Event "Niederoesterreich Landesliga 0304"]
[Site "Austria"]
[Date "2004.01.18"]
[Round "7"]
[White "Plachetka, Jan"]
[Black "Miniboeck, Guenter"]
[Result "0-1"]
[WhiteElo "2455"]
[BlackElo "2334"]
[PlyCount "52"]
[EventDate "2003.09.21"]
[EventType "team-tourn"]
[EventRounds "11"]
[EventCountry "AUT"]
[SourceTitle "EXT 2022"]
[Source "ChessBase"]
[SourceDate "2021.10.06"]
[SourceVersion "1"]
[SourceVersionDate "2021.10.06"]
[SourceQuality "1"]

1. e4 c5 2. Nf3 d6 3. d4 cxd4 4. Nxd4 Nf6 5. Nc3 a6 6. Bc4 e6 7. Bb3 b5 8. 0-0 Be7 9. Qf3 Qb6 10. Be3 Qb7 11. Rfe1 b4 12. Na4 Nbd7 13. c3 bxc3 14. Nxc3 0-0 15. Rad1 Nc5 16. Bc2 Bd7 17. Bg5 Rfd8 18. Re3 Rac8 19. Qh3 e5 20. Nf5 Bxf5 21. Qxf5 Qxb2 22. Rg3 Ncd7 23. Ba4 Rxc3 24. Bxd7 g6 25. f3 Qe2 26. Rf1 Nh5 0-1

[Event "Niederoesterreich Landesliga 0304"]
[Site "Austria"]
[Date "2003.09.21"]
[Round "1"]
[White "Rumpl, Erwin"]
[Black "Miniboeck, Guenter"]
[Result "1/2-1/2"]
[WhiteElo "2254"]
[BlackElo "2334"]
[PlyCount "72"]
[EventDate "2003.09.21"]
[EventType "team-tourn"]
[EventRounds "11"]
[EventCountry "AUT"]
[SourceTitle "EXT 2022"]
[Source "ChessBase"]
[SourceDate "2021.10.06"]
[SourceVersion "1"]
[SourceVersionDate "2021.10.06"]
[SourceQuality "1"]

1. e4 c5 2. Nf3 d6 3. d4 cxd4 4. Qxd4 a6 5. c4 Nc6 6. Qd2 g6 7. b3 Nf6 8. Nc3 Bg7 9. Bb2 Bg4 10. Be2 0-0 11. 0-0 Qa5 12. Rfd1 Rfc8 13. h3 Bxf3 14. Bxf3 b5 15. Nd5 Qxd2 16. Rxd2 Nxd5 17. Bxg7 Kxg7 18. cxd5 Ne5 19. Be2 Rc3 20. f4 Nd7 21. Bg4 Nc5 22. Re1 h5 23. Bd1 Rc8 24. Bc2 Ne6 25. dxe6 Rxc2 26. Ree2 Rxd2 27. Rxd2 fxe6 28. e5 d5 29. h4 Rc3 30. Kf2 Kf7 31. Ke2 Ke8 32. Rd3 Rc2+ 33. Rd2 Rc1 34. Rd1 Rc2+ 35. Rd2 Rc8 36. Rd3 Rc2+ 1/2-1/2

[Event "Vienna op 14th"]
[Site "Vienna"]
[Date "2003.08.18"]
[Round "3"]
[White "Stanec, Nikolaus"]
[Black "Miniboeck, Guenter"]
[Result "1/2-1/2"]
[WhiteElo "2560"]
[BlackElo "2334"]
[PlyCount "69"]
[EventDate "2003.08.16"]
[EventType "swiss"]
[EventRounds "9"]
[EventCountry "AUT"]
[SourceTitle "CBM 095 Extra"]
[Source "ChessBase"]
[SourceDate "2003.09.04"]
[SourceVersion "1"]
[SourceVersionDate "2003.09.04"]
[SourceQuality "1"]

1. Nf3 c5 2. b3 d6 3. Bb2 e5 4. d3 Nc6 5. g3 g6 6. Bg2 Bg7 7. 0-0 Nge7 8. c4 0-0 9. Nc3 h6 10. Nd2 Be6 11. a3 Qd7 12. Nd5 Bh3 13. Ne4 Nxd5 14. Bxh3 Qxh3 15. cxd5 Ne7 16. Nxd6 Qd7 17. Ne4 Qxd5 18. Qc2 b6 19. b4 cxb4 20. axb4 Rfc8 21. Qd1 a5 22. bxa5 Rxa5 23. Rxa5 Qxa5 24. Qb3 Rc6 25. Ra1 Qd5 26. Qa3 Qe6 27. Qb4 Rc2 28. e3 Nd5 29. Qb3 Nxe3 30. Ra8+ Kh7 31. fxe3 Rxb2 32. Ra7 g5 33. g4 Kg6 34. Re7 b5 35. Rxe6+ 1/2-1/2